[Event "Sachsen-Anhalt-ch op"]
[Site "Magdeburg"]
[Date "2021.10.29"]
[Round "4"]
[White "Murrak, Enrico"]
[Black "Pflug, Anton"]
[Result "1-0"]
[WhiteElo "1566"]
[BlackElo "1048"]
[PlyCount "117"]
[EventDate "2021.10.28"]
[EventType "swiss"]
[EventRounds "7"]
[EventCountry "GER"]
[SourceTitle "CBM 205 Extra"]
[Source "ChessBase"]
[SourceDate "2022.01.31"]
[SourceVersion "1"]
[SourceVersionDate "2022.01.31"]
[SourceQuality "1"]

1. e4 e5 2. Nf3 Nc6 3. Bb5 a6 4. Ba4 b5 5. Bb3 d6 6. c3 Be7 7. d3 Be6 8. Bxe6 fxe6 9. Nbd2 Nf6 10. Nf1 0-0 11. Ng3 d5 12. Qe2 Bd6 13. Ng5 Qe7 14. 0-0 d4 15. Nh5 Rad8 16. Nh3 Nxh5 17. Qxh5 Qf7 18. Qg4 Ne7 19. Ng5 Qe8 20. Nxe6 Ng6 21. Nxd8 Qxd8 22. Bg5 Qe8 23. g3 Rf7 24. h4 Qf8 25. a4 b4 26. cxb4 Bxb4 27. Rac1 a5 28. Qe6 Bd6 29. Rc6 Kh8 30. Ra6 Rf3 31. Qd5 Ne7 32. Bxe7 Qxe7 33. Ra8+ Rf8 34. Rxf8+ Qxf8 35. Qxa5 h6 36. Qb5 Be7 37. Qxe5 c5 38. Qf5 Qd8 39. Rc1 Qa5 40. Rc4 Qe1+ 41. Kg2 Qe2 42. Qf3 Qxb2 43. e5 Qb8 44. e6 Qd6 45. Qe4 Bf6 46. Rc1 Kg8 47. Rb1 Kf8 48. Rb7 Ke8 49. Qg6+ Kd8 50. Rd7+ Qxd7 51. exd7 Kxd7 52. Qf7+ Kd6 53. Kf3 Be5 54. Ke4 Bf6 55. Qd5+ Ke7 56. Kf5 h5 57. Qe6+ Kf8 58. Kg6 Be7 59. Qf7# 1-0